000 01398pab a2200181 454500
008 180718b2002 xxu||||| |||| 00| 0 eng d
100 _aCrumbley, Cathy
245 _aThe university, public interest research and advocacy assistance for sustainable development
260 _c2002
300 _ap.113-18.
362 _aSep
520 _aCathy Crumbley and Joel Tickner argue that public universities are increasingly called on to serve the larger public through community projects and social engagement. They are also being challenged to conduct research that helps the world change from its unsustainable development path. This article highlights two ways that universities can respond to these challenges. One way is to conduct research and provide technical assistance within a long-term vision for sustainability that serves the broader public interest. Another important role is to share this research so as to strengthen the capabilities of citizen groups and non-governmental organizations (NGOs). By so doing, citizen groups and NGOs will gain importgant technical knowledge and resources, and thus be able to participate more effectively in economic and community development debates at the local, regional and national level. - Reproduced.
650 _aUniversities
650 _aSustainable development
700 _aTickner, Joel
773 _aDevelopment
909 _a54496
999 _c54496
_d54496